00809nam a22001817a 4500003000200000005001700002008004100019050002200060100003200082245012600114260007100240300004500311504005700356650006200413650006600475650003800541650004800579020250116161904.0250116b xxu||||| |||| 00| 0 eng d aBF 575b.Y19 2024 aYambao, Samantha Andrea L.  aPredicting toxic romantic relationship among filipino adultsb the impact of attachment stylecSamantha Andrea L. Yambao  aLas Pinas CitybSouthville International School and Collegesc2024 aix, 231 pages :billustrations ;c28cm.  aIncludes bibliographical references and appendices.  aAttachment behavior—Psychological aspects—Philippines aRomantic relationships—Psychological aspects—Philippines. aToxic relationships—Psychology. aLove—Psychological aspects—Philippines.